000 00588nam a2200217Ia 4500
003 OSt
005 20220928144541.0
006 a|||||r|||| 00| 0
007 ta
008 220927b |||||||| |||| 00| 0 eng d
024 _a71640
037 _cTextual
040 _aSDCL
_cSDCL
_beng
041 _2eng
_aeng
082 _aQ25:4198.27'N5, M0
100 _aBagchi Subhendugopal.
_9508212
245 0 _aEminent Indian Sakta centres in eastern India.
260 _c1980
942 _hQ25:4198.27'N5, M0
_cTEXL
_2CC
999 _c827777
_d827777